A pszichológia már az angolt és a kommunikációt is lekörözte Szegeden A második legnépszerűbb egyetem

Elmentve itt :
Bibliográfiai részletek
Dokumentumtípus: Cikk
Megjelent: 2004-06-30
Sorozat:Délmagyarország 94 No. 151
Kulcsszavak:Egyetemi felvételi, 2004
Online Access:http://dmarchiv.bibl.u-szeged.hu/125535
LEADER 00497nab a2200145 i 4500
001 delm125535
005 20191128135933.0
008 191128s2004 hu o 0|| hun d
040 |a SZTE Délmagyarország Archívum  |b hun 
041 |a hun 
245 0 2 |a A pszichológia már az angolt és a kommunikációt is lekörözte Szegeden   |h [elektronikus dokumentum] :  |b A második legnépszerűbb egyetem 
260 |c 2004-06-30 
300 |a 7 
490 0 |a Délmagyarország  |v 94 No. 151 
695 |a Egyetemi felvételi, 2004